00533nam a22001217a 4500003000400000082001800004100001900022245024800041260004400289300000800333650003500341653003500376SGT a617.632bA23Y aYadav, Harjeet aA comparative evaluation of the therapeutic jaw opening effects of centrally acting muscle relaxants: Chloroxazone (Mefenesin Congener), Thiocolchicoside (Gaba Mimetic), and A Placebo in the management of Trismus caused by third molar surgery. aGurugram, HaryanabSGT Universityc2023 a173 aOral and Maxillofacial Surgery aOral and Maxillofacial Surgery